Online
Catalog

Verdades ocultas, no tan ocultas / (Record no. 50616)

MARC details
000 -CABECERA
campo de control de longitud fija 00752nam a22002177i 4500
003 - IDENTIFICADOR DEL NÚMERO DE CONTROL
campo de control DO-SdBNP
005 - FECHA Y HORA DE LA ÚLTIMA TRANSACCIÓN
campo de control 20241106065556.0
007 - CAMPO FIJO DE DESCRIPCIÓN FÍSICA--INFORMACIÓN GENERAL
campo de control de longitud fija ta
008 - DATOS DE LONGITUD FIJA--INFORMACIÓN GENERAL
campo de control de longitud fija 210922e2015 dr a|||er|||| 00| 0dsà d
020 ## - NÚMERO INTERNACIONAL ESTÁNDAR DEL LIBRO
Número Internacional Estándar del Libro 9789945803877
040 ## - FUENTE DE LA CATALOGACIÓN
Centro catalogador/agencia de origen DO-SdBNP
Lengua de catalogación spa
Centro/agencia transcriptor BNPHU
Normas de descripción rda
082 #4 - NÚMERO DE LA CLASIFICACIÓN DECIMAL DEWEY
Número de clasificación xxx
Número de documento/Ítem S474v
Número de edición 22
100 1# - ENTRADA PRINCIPAL--NOMBRE DE PERSONA
Nombre de persona Sención Santana, Ramón
Fechas asociadas al nombre 1937-
Término indicativo de función/relación autor
9 (RLIN) 79994
245 10 - MENCIÓN DE TÍTULO
Título Verdades ocultas, no tan ocultas /
Mención de responsabilidad, etc. Ramón Sención; Francisco Alberto Santana, prólogo
264 ## - PRODUCCIÓN, PUBLICACIÓN, DISTRIBUCIÓN, FABRICACIÓN Y COPYRIGHT
Producción, publicación, distribución, fabricación y copyright Hato Mayor del Rey, República Dominicana:
Nombre del de productor, editor, distribuidor, fabricante Yeraldin,
Fecha de producción, publicación, distribución, fabricación o copyright 2015
300 ## - DESCRIPCIÓN FÍSICA
Extensión 223 páginas;
Dimensiones 21 cm
500 ## - NOTA GENERAL
Nota general Incluye biografía del autor en la cubierta posterior.
590 ## - NOTA LOCAL (RLIN)
Nota local Inventariado 2021 / MF
700 1# - PUNTO DE ACCESO ADICIONAL--NOMBRE DE PERSONA
Nombre de persona Santana, Francisco Alberto,
Término indicativo de función/relación pról.
9 (RLIN) 79995
942 ## - ELEMENTOS DE PUNTO DE ACCESO ADICIONAL (KOHA)
Fuente del sistema de clasificación o colocación Dewey Decimal Classification
Tipo de ítem Koha Libro
Holdings
Estado de retiro Estado de pérdida Fuente del sistema de clasificación o colocación Restricciones de uso No para préstamo Código de colección Localización permanente Ubicación/localización actual Ubicación en estantería Fecha de adquisición Fuente de adquisición Total de préstamos Signatura topográfica completa Código de barras Fecha visto por última vez Precio válido a partir de Tipo de ítem Koha Nota pública Número de copia
    Dewey Decimal Classification Préstamo en sala   Dominicana de Servicio Biblioteca Nacional Pedro Henríquez Ureña General Depósito 14.01.2019 Depósito legal   S474v 2021-26912 22.09.2021 22.09.2021 Libro y Folleto Colección Dominicana de Servicio   e.3
    Dewey Decimal Classification Excluido de préstamo   Patrimonio Dominicano Biblioteca Nacional Pedro Henríquez Ureña Patrimonio Dominicano Depósito 14.01.2019 Depósito legal   S474v 2021-26910 22.09.2021 22.09.2021 Libro y Folleto Colección Patrimonio Dominicano Ejemplar autobiografiado  
    Dewey Decimal Classification Excluido de préstamo   Patrimonio Dominicano Biblioteca Nacional Pedro Henríquez Ureña Patrimonio Dominicano Depósito 14.01.2019 Depósito legal   S474v 2021-26911 22.09.2021 22.09.2021 Libro y Folleto Colección Patrimonio Dominicano   e.2

Powered by Koha